000 00304nam a2200133Ia 4500
008 191201s2011 xx 000 0 und d
100 _aLUCENTS
245 0 _aGeneral knowledge
250 _a3rd
260 _aN. delhi
_bLucent Pub
_c2011
300 _a662
650 _aGeneral Books
942 _2ddc
_cBK
_02
999 _c5208
_d5208